| 000 | 00455nam a2200157 a 4500 | ||
|---|---|---|---|
| 001 | 23907 | ||
| 005 | 20180713222036.0 | ||
| 008 | 140415s1997 000 0 spa d | ||
| 020 | _a0813324238 | ||
| 041 | _aspa | ||
| 082 |
_a363.708 _bLAT |
||
| 245 | 0 | 0 |
_aLATIN AMERICAN ENVIRONMENTAL POLICY IN INTERNATIONAL : _bPERSPECTIVE |
| 260 |
_a[s.l.] : _bWESTVIEW PRESS, _c1997 |
||
| 300 | _a292 | ||
| 650 | 1 | 4 |
_aPOLITICA AMBIENTAL _xAMERICA LATINA |
| 999 |
_c23907 _d23907 |
||